00691nam a22001817a 4500003000400000005001700004008003100021040002500052100003900077245005800116260008100174300002900255500006400284590002800348942001400376952010200390999001700492OSt20220531084007.0201204b 2010 dr a 00| 0 eng d aDO-SdBNPbspacBNPHU1 aMorillo, Francisco, d1965-97751510aAtrás de las rejas :brelatos /cFrancisco Morillo. aMoca, República Dominicana : bEditora Impresora La Nueva Imagen, c2010. a102 p. :bil. ;c23 cm.  aIncluye datos biográficos del autor en la contracubierta. aInventariado, 2020 /LP  2ddccLBS1 00102ddc51718MOaBNPHUbPDcHDd2020-12-04eFeliz Reyes Thenl0r2020-12-04w2020-12-04yLBS1 c49236d49236